Quizzes
Events
Quiz Creation
Community
Videos
Private Events
Remove Ads
Sign In
Join for FREE
Feedback
Dark Mode
Quiz Categories
Sports
Geography
Music
Movies
Television
Just For Fun
Miscellaneous
History
Literature
Language
Science
Gaming
Entertainment
Religion
Holiday
For Kids
Quiz Lab
Recent
Popular Today
Quiz Kudos Today
Editor Picks
Curator Picks
Quizzes by...
Day
Popularity
Type
Ratings
Length
Year
Community
Subscriptions
Recent Discussions
Orange Saloon
Badges
Playlists
Quests
Create
Leaderboards
Showdown
Live 5
Trivia Bingo
Activity
Puzzle Library
Sporcle Events
Private Events
Virtual Trivia
Globe League
Become a Host
Pub Owners
SporcleCon
Opinionation
Our Games
Videos
Blog
Mobile Apps
Partnerships
Remove Ads and Go Orange
Feedback
Entertainment
Celebrity
Famous
Musical
Broadway
Show
Quote
Comic Books
Anime
Superhero
DC Comics
Marvel
Cartoons
Animation
Entertainment
Celebrity
Famous
Musical
Broadway
Show
Quote
Comic Books
Anime
Superhero
DC Comics
Marvel
Cartoons
Animation
Random Quiz
Search Sporcle
×
Quiz Lab
Quiz Lab
Entertainment
DC Comics
Type in answers that appear in a list
Type in answers that appear in a list
Classic
Best Score? Go Orange.
100 Questions About Superman Stats
Can you name the Superman 100?
By
tom18
15m
100 Questions
883 Plays
883 Plays
883 Plays
Comments
Comments
Give Quiz Kudos
Give Quiz Kudos
-
- Ratings
hide this ad
Replay
Link that replays current quiz
Next Quiz
Link to next quiz in quiz playlist
You Got
0%
They Got
Avg Score
45%
Avg Friend Score
Upgrade to see
Score Distribution
Jump to the score distribution portion of the page
Score
0/100
Timer
15:00
0
Plays Today
question
answer
% Correct
it's a bird, it's a plane, it's ...
Superman
97.3%
his Earth name is...
Clark Kent
92.6%
hi Kryptonian name is ...
Kal-El
90.1%
who is his love interest?
Lois Lane
80.6%
where does he work?
the Daily Planet
80.4%
his foster mother is ...
Martha Kent
79.7%
in what town?
Smallville
78.8%
what color is his cape?
red
78.4%
he crashed as a baby in what US state?
Kansas
78%
his real father was ...
Jor-El
77.5%
what city is Superman from?
Metropolis
77.1%
he often teams up with -
-
-
-
from Gotham City
Batman
75.2%
-
-
-
-
is the Planet's photographer
Jimmy Olsen
74.4%
Superman's arch nemisis is...
Lex Luthor
74.3%
where is he from?
Krypton
74%
what is Superman's biggest weakness?
kryptonite
73.7%
Batman keeps a -
-
-
just in case
kryptonite ring
73.7%
what color is it?
green
73.5%
who is his editor?
Perry White
72%
his foster father is ...
Jonathan Kent
71.5%
what gives Superman his powers?
yellow sun
70.8%
His childhood sweetheart is...
Lana Lang
70.6%
he is faster than a -
-
-
-
speeding bullet
69.6%
who is the other Kryptonian survivor?
Supergirl
68.3%
he can radiate -
-
-
-
-
from his eyes
heat vision
68.2%
what lets him see through walls?
x ray vision
68.1%
in what year?
1938
67.6%
there is a dog too, named ...
Krypto the Wonder Dog
66.4%
he is a -
-
-
-
of Superman
clone
66.1%
and he gets from one city to another by ...
flying
65%
his real mother was ...
Lara Lor-Van
64.9%
what's her real name?
Kara Zor-El
64.3%
who is Connor Kent?
Superboy
63.8%
he owns...
Lex Corp
61.6%
question
answer
% Correct
Who killed Superman?
Doomsday
61.6%
who is the dictator of Apokolips?
Darkseid
61.4%
also elected ...
president of the United States
60.4%
The director of the Kryptonian Space Center was...
General Zod
59.9%
He often changes costume in a...
phonebooth
57.9%
he can leap -
-
-
-
tall buildings
57.3%
Who is the city stealing alien from Bryak?
Brainiac
56.1%
what team did he help found?
Justice League of America
55.9%
he is more powerful than a -
-
-
-
locomotive
54.2%
the cyborg with the Kryptonite heart is...
Metallo
53.1%
Which Krypton city did he bottle?
Kandor
51.5%
what is Superman's other weakness?
magic
50.2%
and used Superman DNA to create...
Bizarro
49.7%
and was imprisoned in the...
Phantom Zone
49.5%
Superman has also had a relationship with
Wonder Woman
47.9%
he first appeared in ...
Action Comics #1
47.2%
and was created by...
Jerry Siegel and Joe Shuster
46.3%
which villain feeds off energy of others?
the Parasite
45.8%
the genetics lab in Metropolis is called...
Project Cadmus
44.2%
what other team from the 30th century?
Legion of Superheroes
43.4%
They are trained by...
Granny Goodness
40.3%
her scream drains away life. she is...
Silver Banshee
39.9%
evil superman of Earth 3 is called...
Ultraman
39.6%
he makes things cold with his ...
frozen breath
39.2%
name the imp from the 5th dimension
Mister Mxyzptlk
35.3%
His group of female warriors is called...
The Female Furies
35.1%
who rules Warworld?
Mongul
34.5%
his partner and lover's name is...
Ursa
34.5%
his Kryptonian name is ...
Kon-El
34.2%
From the planet Daxam, -
-
-
-
-
has lead poisoning
Mon-El
32.5%
who is the last Czarnian?
Lobo
32.3%
had his powers stolen by...
the Joker
31.3%
Earth 30, Superman, The Red Son, is a ...
communist
31%
his skin is also ...
bullet proof
29.4%
question
answer
% Correct
he founded the team known as ...
The Crime Syndicate of America
29.1%
what is his superhero name?
Action Man
28.2%
what is his profession?
bounty hunter
27.3%
the Fawcett Comics superman is ...
Captain Marvel
26.4%
who uses practical jokes to commit crime?
The Prankster
25.7%
he fights crime in Kandor as...
Nightwing
25.6%
he transplanted his brain into an ape.
Ultra-humanite
24.6%
Metropolis's crime organization is called...
Intergang
24.1%
She is an imprisoned Kryptonian martial artist she is ...
Faora Hu-Ul
24.1%
what is his real name?
John Corben
23.9%
their son is called ...
Lor-Zod
21.7%
Who wrote What Ever Happened to the Man of Tomorrow?
Alan Moore
18.1%
AI from Krypton, fused with David Connor
Eradicator
18%
instead of Kansas, he crashed in ...
The Ukraine
17.4%
Radiation gave -
-
-
-
atomic eye blasts.
Atomic Skull
17.1%
it is run by...
Bruno Mannheim
15.4%
Earth 10 Superman is a Nazi named ...
Ubermensch
13.6%
Who wrote Superman For all Seasons?
Jeph Loeb
12.6%
-
-
-
-
is a mercenary with kryptonite bullets
Bloodsport
12.3%
Who wrote Birthright?
Mark Waid
12.1%
They created the DNAlien named...
Dubbilex
11%
the Wildstorm superman is...
Apollo
10.5%
originally it was called...
k-metal
8.8%
his real name is ...
Oswald Loomis
7.5%
The superman of Earth C minus is...
Super Squirrel
4.9%
what is his real name?
Raymond Maxwell Jensen
4.4%
black superman of Earth 17 is called...
Sunshine Superman
4.3%
he founded the group known as ...
Justa Lotta Animals
4.1%
who created him?
Bertron
3.5%
his real name is...
Gerard Shugel
3.2%
Her martial art is called...
Klurkor
3.2%
he belongs to the group called the ...
Love Syndicate of Dreamworld
2.2%
Quiz Playlist
Details
Report
Send in Message
Add To Playlist
Classic:
Type in answers that appear in a list
Last Updated: Jun 14, 2017
Quiz Scoreboard
CHALLENGE
Sign Up to Join the Scoreboard
Show All
Scores
Hide
Comments
May contain spoilers
Recently Published
9x9 Crossword: Cartoon Network
by jackfrog10
Miscellaneous
3m
College Basketball Coaching Resumes
by pancakes188
Sports
9m
Billboard Blitz: Fleetwood Mac
by CooCooCachoo
Music
15s
More to Explore
Quiz From the Vault
Featured Blog Post
Where Did the Easter Bunny Come From?
hide this ad
You Might Also Like...
Tags
Comic Books Quiz
DC Comics Quiz
Superman
Today's Top Quizzes in Entertainment
Browse Entertainment
hide this ad
Today's Top Quizzes in DC Comics
Browse DC Comics
Top Contributed Quizzes in Entertainment
1
7-to-1: DC Comics Villains
2
Marvel Characters Bunker
3
Eurovision 2023 Logic Puzzle
4
Dragon Ball Z: Goku's Fights in Order
5
Criteria Quickie: Cartoon Taxonomy II
6
Sorting Pictures: Villains
7
Kamen Rider Motifs
8
Mini Trivia Sudoku: Musicals
9
Fictional Villains Letter U Blitz
10
7-to-1: One Piece
Explore More
Trending Topics
Disney
Kpop
NBA
Anime
Crossword
Marvel
Harry Potter
Song
WWE
NFL
Soccer
Country
Puzzle
The Office
Pokémon
hide this ad
More By:
tom18
Quiz
Plays
Rating
Category
Featured
Created
100 Questions About Superman
883
3.33
Entertainment
Mar 7, 2013
100 Questions About The Flash
527
3.50
Entertainment
Feb 24, 2018
100 questions about Wonder Woman
496
2.67
Entertainment
Mar 11, 2015
Characters in Grateful Dead Songs
475
5.00
Music
Apr 12, 2013
DC Heroes Secret Identities
434
4.25
Entertainment
Feb 11, 2013
Go to Creator's Profile
Score Distribution
Quiz Creator Spotlight
tom18
Follow
Send a Message
Quizzes Created
-
Created Quiz Play Count
-
More By This Creator
Popular Quizzes Today
1
Find the US States - No Outlines Minefield
2
Find the Countries of Europe - No Outlines Minefield
3
The Countries of the World
4
Find the US States
5
Risky Map Clicking: Biggest States A-Z
6
US States
7
Popular People in 1961
8
Movies - When Are They Set?
More Entertainment Quizzes
This is Your Life: Escanor
Quiz Lab
Trending Quizzes
Risky Map Clicking: Least Populous States A-Z
1-10 Letter G Words
1-10 Letter F Words
Risky Map Clicking: Next State Alphabetically
Adjectives in 80s TV Shows
Recently Updated
Leaping Animals
pecheneg
Reality TV Shows (A-Z)
bhenderson79
Rickey Henderson's Hall of Fame Teammates
pecheneg
Champions League XIs: Arsenal
pecheneg
Quick Pick: Celebrities in WWE's Hall of Fame
aduchscher
A-Z Keypad Blitz II
pecheneg
Multiple Oscar Actors
pecheneg
Mystery Phrase Blitz: Oscar 'Best Actors'
pecheneg
F. Scott Fitzgerald Novels
LTH
Pick 3 Villains
ddd62291
Trending Topics
Crossword
Disney
Marvel
Anime
Kpop
Harry Potter
NBA
Pokémon
Puzzle
Song
WWE
Country
NFL
The Office
Soccer
Your Account Isn't Verified!
In order to create a playlist on Sporcle, you need to verify the email address you used during registration. Go to your
Sporcle Settings
to finish the process.
Report this User
Report this user for behavior that violates our
Community Guidelines
.
Details:
Send Report
Go to the Sporcle.com Mobile Site →
Comments